Devinez les pays européens se dessinant - Statistiques

Statistiques générales
  • Ce quiz a été pris 42 601 fois
  • Le résultat moyen est 7 sur 16
Réponses sur la Carte
Les réponses sont colorées sur une échelle allant du rouge au vert en fonction du pourcentage des utilisateurs qui les ont devinées à leur premier essai. Vous pouvez retrouver ces pourcentages ci-dessous.
 
Statistiques - réponses
% Correct
France
54%
Espagne
52%
Italie
52%
Norvège
51%
Royaume-Uni
51%
Russie
51%
Croatie
49%
Grèce
49%
Portugal
49%
Allemagne
48%
Autriche
48%
Suède
48%
Irlande
47%
Islande
46%
Ukraine
45%
Suisse
44%
Danemark
43%
Roumanie
43%
Kosovo
42%
Albanie
41%
Finlande
41%
Pologne
41%
Pays-Bas
40%
Bosnie-Herzégovine
39%
République tchèque
39%
Slovaquie
39%
Vatican
39%
Hongrie
38%
Malte
38%
Monaco
38%
Belgique
37%
Serbie
37%
Moldavie
36%
Bulgarie
35%
Macédoine du Nord
34%
Lettonie
32%
Slovénie
31%
Biélorussie
30%
Luxembourg
29%
Monténégro
29%
Estonie
26%
Lituanie
25%
Liechtenstein
24%
Andorre
22%
Saint-Marin
18%
Aucun quiz correspondant
Distribution des résultats
% des personnes avec chaque résultat
Percentile par nombre de réponses
Votre historique - résultats
Vous n’avez pas pris ce quiz